[Event "Blindfold World Cup"]
[Site "Bilbao ESP"]
[Date "2007.10.19"]
[Round "7"]
[White "Topalov, V."]
[Black "Karjakin, Sergey"]
[Result "0-1"]
[WhiteElo "2769"]
[BlackElo "2694"]
[PlyCount "43"]
[EventDate "2007.10.16"]
[Source "www.chesslib.no"]
[SourceDate "2004.05.04"]

1. e4 e5 2. Nf3 Nc6 3. Bb5 a6 4. Ba4 Nf6 5. O-O Be7 6. d3 b5 7. Bb3 d6 8. a4 Rb8 9. axb5 axb5 10. h3 O-O 11. Be3 h6 12. Nbd2 Nb4 13. Re1 c5 14. Nf1 Be6 15. Bxe6 fxe6 16. Ng3 Qd7 17. c3 Nc6 18. Qd2 Nd8 19. d4 exd4 20. cxd4 c4 21. d5 exd5 22. e5 0-1

[Event "Camp. spagnolo a squadre - Gruppo I"]
[Site "Cala Mayor SPA"]
[Date "2008.09.04"]
[Round "2"]
[White "Adams, Mi"]
[Black "Kasimdzhanov, R."]
[Result "1/2-1/2"]
[WhiteElo "2735"]
[BlackElo "2679"]
[PlyCount "127"]
[EventDate "2008.09.03"]
[Source "www.chesslib.no"]
[SourceDate "2004.05.04"]

1. e4 e5 2. Nf3 Nc6 3. Bb5 a6 4. Ba4 Nf6 5. O-O Be7 6. d3 d6 7. c3 O-O 8. Re1 Bg4 9. Nbd2 Nd7 10. h3 Bh5 11. Nf1 Nc5 12. Bc2 d5 13. Qe2 Bxf3 14. Qxf3 d4 15. Ng3 Bg5 16. Qg4 Bxc1 17. Raxc1 g6 18. Bb1 Kh8 19. Red1 Qe7 20. f4 exf4 21. Qxf4 Rad8 22. Qf2 Ne6 23. a3 Ne5 24. b4 b6 25. Ne2 c5 26. bxc5 bxc5 27. Qg3 Qd6 28. Ba2 c4 29. Bxc4 Nxc4 30. dxc4 Qxg3 31. Nxg3 d3 32. Nf1 Nf4 33. Ng3 Ne6 34. Nf1 Nc5 35. Nd2 Rfe8 36. Re1 Rb8 37. Rb1 Rxb1 38. Rxb1 Nxe4 39. Nxe4 Rxe4 40. Rd1 Rxc4 41. Rxd3 Kg7 42. Rd6 Ra4 43. c4 Kf8 44. c5 Ke7 45. Rd3 Ra5 46. c6 Rc5 47. Rd7+ Ke6 48. Rc7 h5 49. h4 Rc4 50. g3 Rc3 51. Kg2 Rxa3 52. Ra7 Ra4 53. Kf2 a5 54. Kg2 Ra3 55. Kf2 a4 56. c7 Kd7 57. Kg2 f6 58. Kf2 g5 59. hxg5 fxg5 60. Kg2 g4 61. Kh2 Ra2+ 62. Kg1 a3 63. Kh1 Ra1+ 64. Kg2 1/2-1/2

[Event "NBC 2000-02"]
[Site "?"]
[Date "2000.01.01"]
[Round "?"]
[White "Oosterom Joop van"]
[Black "Bang Erik"]
[Result "1-0"]
[WhiteElo "2684"]
[BlackElo "2661"]
[PlyCount "57"]
[EventDate "2000.??.??"]
[Source "www.chesslib.no"]
[SourceDate "2004.05.04"]

1. e4 e5 2. Nf3 Nc6 3. Bb5 a6 4. Ba4 Nf6 5. O-O Be7 6. Re1 O-O 7. Bxc6 dxc6 8. Nxe5 Re8 9. Nf3 c5 10. d3 b6 11. Nbd2 Bb7 12. Nc4 Nd7 13. Bf4 Nf8 14. Bg3 Ne6 15. c3 Bf6 16. Qb3 h5 17. h4 a5 18. Rad1 Nf8 19. Ne3 Ng6 20. Nf5 Ne7 21. Nxe7+ Qxe7 22. d4 a4 23. Qc4 Ba6 24. Qd5 g6 25. Qc6 Bc4 26. d5 Rec8 27. Bxc7 Ra7 28. e5 Raxc7 29. Qxf6 1-0

[Event "50th It"]
[Site "Reggio Emilia ITA"]
[Date "2008.01.02"]
[Round "5"]
[White "Gashimov, V."]
[Black "Harikrishna, P."]
[Result "1/2-1/2"]
[WhiteElo "2664"]
[BlackElo "2668"]
[PlyCount "103"]
[EventDate "2007.12.29"]
[Source "www.chesslib.no"]
[SourceDate "2004.05.04"]

1. e4 e5 2. Nf3 Nc6 3. Bb5 a6 4. Ba4 Nf6 5. d4 exd4 6. O-O Be7 7. e5 Ne4 8. Re1 Nc5 9. Bxc6 dxc6 10. Nxd4 Ne6 11. Nf5 Qxd1 12. Rxd1 Bf8 13. Nc3 Bd7 14. Be3 O-O-O 15. a3 h6 16. Ng3 Be7 17. f4 g6 18. f5 gxf5 19. Nxf5 Bf8 20. Rf1 c5 21. Rad1 Bc6 22. Rxd8+ Nxd8 23. Bf4 Ne6 24. Bg3 h5 25. h4 Nd4 26. Ne3 Bh6 27. Ned5 Ne2+ 28. Kh2 Nxc3 29. Nxc3 Rh7 30. Bf4 Bg7 31. Bg3 Bh6 32. Bf4 Bg7 33. Ne2 Be4 34. c3 Bd3 35. Rf2 Kd7 36. Ng1 Bg6 37. Rd2+ Kc8 38. Nf3 Rh8 39. Bg5 Re8 40. Kg3 Bf5 41. Kf4 Bd7 42. Bf6 Bh6+ 43. Ng5 b6 44. g3 a5 45. Re2 a4 46. Ke4 Bxg5 47. Bxg5 f5+ 48. Kf4 Be6 49. Rd2 Rg8 50. Rd1 Bb3 51. Rd2 Be6 52. Rd1 1/2-1/2

[Event "Russian Cup f"]
[Site "Sochi"]
[Date "1997.??.??"]
[Round "5"]
[White "Malaniuk, Vladimir P"]
[Black "Aleksandrov, Aleksej"]
[Result "1/2-1/2"]
[WhiteElo "2615"]
[BlackElo "2660"]
[PlyCount "212"]
[EventDate "1997.09.17"]
[Source "ChessBase"]
[SourceDate "1998.01.31"]

1. e4 e5 2. Nf3 Nc6 3. Bb5 Nf6 4. d4 exd4 5. O-O a6 6. Ba4 Be7 7. Re1 b5 8. e5 Nxe5 9. Rxe5 bxa4 10. Nxd4 O-O 11. Nf5 Re8 12. Bg5 d6 13. Nxe7+ Rxe7 14. Bxf6 gxf6 15. Rh5 Re5 16. Nd2 Qe7 17. Nc4 Rxh5 18. Qxh5 Rb8 19. Qa5 Rb5 20. Qc3 Be6 21. Re1 d5 22. Na3 Rb8 23. Re3 Kh8 24. h3 c5 25. Rg3 d4 26. Qf3 f5 27. Qf4 Rxb2 28. c3 dxc3 29. Rxc3 Qf6 30. Qd6 h5 31. Qxc5 Rxa2 32. Nc2 Kh7 33. Kh2 h4 34. Nd4 Rxf2 35. Nxe6 fxe6 36. Qxf2 Qe5+ 37. Kh1 Qxc3 38. Qxh4+ Kg6 39. Qxa4 Qe1+ 40. Kh2 Qe5+ 41. Kh1 Qe1+ 42. Kh2 Qe5+ 43. Kh1 Qb5 44. Qf4 e5 45. Qg3+ Kf7 46. Qf3 Kf6 47. h4 e4 48. Qf4 Ke6 49. Qh6+ Kd5 50. Qf4 Qb1+ 51. Kh2 Qb2 52. Qg5 Qe5+ 53. Kg1 f4 54. Qd8+ Qd6 55. Qg8+ Kd4 56. h5 Qc5 57. Qg4 Ke3 58. Qd1 f3 59. gxf3 exf3 60. Qe1+ Kf4+ 61. Qf2 Qg5+ 62. Kf1 Qb5+ 63. Kg1 Qxh5 64. Qd4+ Kg3 65. Qd6+ Kg4 66. Qd4+ Kh3 67. Kf2 a5 68. Qa1 Qd5 69. Qh8+ Kg4 70. Qg7+ Kf5 71. Qh7+ Ke5 72. Qg7+ Ke4 73. Qg6+ Kd4 74. Qc2 Qc5 75. Qa4+ Kd3+ 76. Kg3 Qe5+ 77. Kh3 f2 78. Qd1+ Ke3 79. Qc1+ Ke2 80. Qc2+ Kf3 81. Qd1+ Qe2 82. Qd5+ Qe4 83. Qd1+ Kf4 84. Qd6+ Ke3 85. Qb6+ Qd4 86. Qe6+ Kd2 87. Kg2 a4 88. Qa2+ Kd3 89. Qb1+ Ke3 90. Qc1+ Ke4 91. Qb1+ Kf4 92. Qc1+ Kg4 93. Qc8+ Kg5 94. Qg8+ Kf4 95. Qf7+ Ke4 96. Qf3+ Ke5 97. Qh5+ Kd6 98. Qg6+ Kc5 99. Qc2+ Kb4 100. Qb1+ Ka5 101. Qc1 Kb6 102. Qb1+ Kc6 103. Qc2+ Kb5 104. Qb1+ Qb4 105. Qd3+ Qc4 106. Qb1+ Kc5 1/2-1/2

[Event "60th ch-RUS Higher League"]
[Site "Krasnoyarsk RUS"]
[Date "2007.09.11"]
[Round "8"]
[White "Timofeev, Arty"]
[Black "Korotylev, A."]
[Result "1/2-1/2"]
[WhiteElo "2650"]
[BlackElo "2616"]
[PlyCount "161"]
[EventDate "2007.09.03"]
[Source "www.chesslib.no"]
[SourceDate "2004.05.04"]

1. e4 e5 2. Nf3 Nc6 3. Bb5 a6 4. Ba4 Nf6 5. O-O Be7 6. d3 b5 7. Bb3 d6 8. a4 Bg4 9. c3 O-O 10. h3 Bd7 11. Bc2 Re8 12. Re1 h6 13. Nbd2 Bf8 14. Nf1 d5 15. Ne3 dxe4 16. dxe4 b4 17. a5 Bc5 18. Nd5 Nh7 19. Be3 Bd6 20. Qd2 bxc3 21. bxc3 Re6 22. Red1 Rg6 23. Kh1 Nf8 24. Bd3 Ne6 25. Bf1 Nc5 26. Bxc5 Bxc5 27. Nxc7 Qxc7 28. Qxd7 Qxd7 29. Rxd7 Bxf2 30. Bc4 Rf6 31. Rf1 Bg3 32. Bxf7+ Rxf7 33. Rxf7 Kxf7 34. Nxe5+ Ke8 35. Nxc6 Rc8 36. Nd4 Rxc3 37. Ne2 Re3 38. Nxg3 Rxg3 39. Rf3 Rg6 40. Ra3 Re6 41. Ra4 Rc6 42. Kh2 Rc3 43. h4 Ke7 44. Rb4 Ra3 45. Rb7+ Kf8 46. Ra7 Rxa5 47. Kg3 Kg8 48. Kg4 Kh7 49. Kf4 Kg6 50. Rc7 Kf6 51. Rc6+ Kf7 52. e5 h5 53. g3 Ra4+ 54. Kf5 Rg4 55. Rc7+ Ke8 56. Ra7 Rxg3 57. Rxa6 Ke7 58. Ra7+ Ke8 59. Ke6 Rg6+ 60. Kd5 Kd8 61. Rb7 Ke8 62. Rc7 Kd8 63. Rf7 Ke8 64. Rf5 Ke7 65. Rxh5 Rg4 66. Rg5 Rxh4 67. Rxg7+ Kf8 68. Rg6 Ke7 69. Ra6 Rh1 70. Ra7+ Ke8 71. Kd6 Re1 72. Ke6 Kf8 73. Rb7 Re2 74. Rb8+ Kg7 75. Rd8 Re1 76. Rd5 Kf8 77. Rd8+ Kg7 78. Re8 Ra1 79. Re7+ Kf8 80. Rc7 Ra6+ 81. Kd7 1/2-1/2

[Event "Munich"]
[Site "Munich"]
[Date "1993.??.??"]
[Round "6"]
[White "Hjartarson, Johann"]
[Black "Adams, Michael"]
[Result "1/2-1/2"]
[WhiteElo "2625"]
[BlackElo "2630"]
[PlyCount "109"]
[EventDate "1993.05.??"]
[Source "ChessBase"]

1. e4 e5 2. Nf3 Nc6 3. Bb5 a6 4. Ba4 Nf6 5. O-O b5 6. Bb3 Be7 7. d4 d6 8. c3 O-O 9. Nbd2 Re8 10. a3 Bf8 11. Re1 g6 12. Bc2 Bg7 13. d5 Na5 14. b4 Nb7 15. c4 Bd7 16. Bb2 c6 17. dxc6 Bxc6 18. Rc1 Qd7 19. Bb3 Rac8 20. h3 Nd8 21. c5 Nb7 22. cxd6 Nh5 23. Nf1 Qxd6 24. Ng5 Rf8 25. Qxd6 Nxd6 26. Red1 Nc4 27. Bxc4 bxc4 28. Rxc4 Nf4 29. Ne3 f6 30. Rd6 Bb5 31. Rxc8 Rxc8 32. Ne6 Nxe6 33. Rxe6 Rc6 34. Re7 Kf8 35. Ra7 Bh6 36. Nd5 Rc2 37. Bc3 Bg5 38. a4 Bd3 39. b5 Bxe4 40. Bb4+ Kg8 41. Rc7 Ra2 42. h4 Bxd5 43. hxg5 Rxa4 44. Rc8+ Kg7 45. Rc7+ Kg8 46. Bc3 Rc4 47. Rxc4 Bxc4 48. b6 Bd5 49. gxf6 e4 50. g4 h6 51. Kh2 Kf7 52. Kg3 Ke6 53. Kf4 Bb7 54. Ke3 a5 55. Bxa5 1/2-1/2

[Event "Warsaw"]
[Site "?"]
[Date "1999.??.??"]
[Round "?"]
[White "Svidler Peter"]
[Black "Mikhalchishin Adrian"]
[Result "1-0"]
[WhiteElo "2713"]
[BlackElo "2542"]
[PlyCount "57"]
[EventDate "1999.??.??"]
[Source "www.chesslib.no"]
[SourceDate "2004.05.04"]

1. e4 e5 2. Nf3 Nc6 3. Bb5 a6 4. Ba4 Nf6 5. O-O b5 6. Bb3 Bb7 7. d3 Be7 8. Nbd2 O-O 9. c3 h6 10. d4 d6 11. Re1 Re8 12. Nf1 Bf8 13. Ng3 Qd7 14. a3 Rad8 15. Ba2 exd4 16. cxd4 d5 17. e5 Ne4 18. Be3 Na5 19. Nxe4 dxe4 20. e6 Rxe6 21. Ne5 Qe8 22. Bxe6 Qxe6 23. Qg4 Qxg4 24. Nxg4 Nb3 25. Rad1 f6 26. h3 f5 27. Ne5 g5 28. f4 gxf4 29. Bxf4 1-0

[Event "60th ch-RUS Higher League"]
[Site "Krasnoyarsk RUS"]
[Date "2007.09.13"]
[Round "10"]
[White "Kobalia, M."]
[Black "Korotylev, A."]
[Result "1-0"]
[WhiteElo "2634"]
[BlackElo "2616"]
[PlyCount "153"]
[EventDate "2007.09.03"]
[Source "www.chesslib.no"]
[SourceDate "2004.05.04"]

1. e4 e5 2. Nf3 Nc6 3. Bb5 a6 4. Ba4 Nf6 5. O-O Be7 6. d3 b5 7. Bb3 d6 8. a4 Bd7 9. Bd2 O-O 10. axb5 axb5 11. Nc3 Na5 12. Nd5 Nxd5 13. Bxd5 c6 14. Ba2 Nb7 15. b4 Kh8 16. c4 bxc4 17. Bxc4 Bg4 18. Rxa8 Qxa8 19. h3 Bh5 20. g4 Bg6 21. Qa1 Rb8 22. Rb1 Nd8 23. Qxa8 Rxa8 24. b5 cxb5 25. Rxb5 h6 26. Rb6 Kh7 27. Kg2 Ra4 28. Bd5 Ra3 29. d4 exd4 30. Nxd4 Ne6 31. Nf5 Bg5 32. Bxe6 Bxd2 33. Bd5 Bxf5 34. gxf5 Ra7 35. Rxd6 Bf4 36. Rd8 g6 37. Kf3 Bg5 38. fxg6+ Kxg6 39. Rg8+ Kh7 40. Rc8 Kg6 41. Rc6+ f6 42. Kg3 Kh5 43. Be6 Bh4+ 44. Kg2 Kg6 45. Rc8 Bg5 46. Kg3 Bd2 47. Bf5+ Kg7 48. Kg4 Re7 49. h4 Be1 50. f3 Ba5 51. Rc6 Kf7 52. Kh5 Bd2 53. Rc2 Be3 54. Re2 Bc1 55. Rg2 Rc7 56. Bg6+ Ke6 57. Ra2 Rg7 58. Ra5 Be3 59. Bf5+ Ke7 60. Ra3 Bd2 61. Ra7+ Kf8 62. Ra6 Ke7 63. Be6 Bf4 64. Bf5 Be3 65. Bg4 Bd2 66. Ra7+ Kf8 67. Ra8+ Ke7 68. Bf5 Bc1 69. Bg6 Be3 70. Ra5 Bd2 71. Rf5 Bc1 72. f4 Rg8 73. Kxh6 Rh8+ 74. Bh7 Rd8 75. Kg7 Rd3 76. h5 Rf3 77. h6 1-0

[Event "Ch Spain (team) (Honor Gr.2)"]
[Site "Lugo (Spain)"]
[Date "2007.06.29"]
[Round "3"]
[White "Kobalia Mikhail (RUS)"]
[Black "Georgadze Georgi"]
[Result "1-0"]
[WhiteElo "2639"]
[BlackElo "2610"]
[PlyCount "55"]
[EventDate "2007.??.??"]
[Source "www.chesslib.no"]
[SourceDate "2004.05.04"]

1. e4 e5 2. Nf3 Nc6 3. Bb5 a6 4. Ba4 Nf6 5. O-O Be7 6. d3 b5 7. Bb3 d6 8. a4 Bd7 9. Bd2 O-O 10. axb5 axb5 11. Nc3 Na5 12. Nd5 Nxd5 13. Bxd5 c6 14. Ba2 Nb7 15. b4 Kh8 16. c4 bxc4 17. Bxc4 Rxa1 18. Qxa1 Bg4 19. Qa7 Bxf3 20. gxf3 d5 21. exd5 cxd5 22. Qxb7 dxc4 23. dxc4 Kg8 24. Be3 f5 25. b5 e4 26. fxe4 f4 27. Bb6 Qe8 28. f3 1-0

[Event "FRA-NED"]
[Site "Cannes"]
[Date "1990.??.??"]
[Round "1"]
[White "Spassky, Boris V"]
[Black "Timman, Jan H"]
[Result "1/2-1/2"]
[WhiteElo "2560"]
[BlackElo "2680"]
[PlyCount "90"]
[EventDate "1990.02.??"]
[Source "ChessBase"]

1. e4 e5 2. Nf3 Nc6 3. Bb5 a6 4. Ba4 Nf6 5. Nc3 Be7 6. O-O b5 7. Bb3 d6 8. Nd5 Na5 9. Nxe7 Qxe7 10. d3 O-O 11. Bd2 Nxb3 12. axb3 Nd7 13. Re1 c5 14. b4 Bb7 15. bxc5 dxc5 16. Ba5 Rac8 17. Nd2 Rfe8 18. Nf1 Qe6 19. Ne3 Nb8 20. Bc3 Nc6 21. b3 Nd4 22. Bb2 Rb8 23. f3 f6 24. Qd2 Red8 25. Qf2 Rd7 26. Reb1 Ra8 27. Bc3 Bc6 28. b4 cxb4 29. Bxb4 Bb7 30. h3 Rc8 31. Rb2 Qf7 32. Kh2 h6 33. f4 exf4 34. Qxf4 Qe6 35. Ra3 g5 36. Qf2 Qe5+ 37. Kh1 Nf3 38. Qxf3 Qxb2 39. Qf5 Qxb4 40. Qxd7 Qxa3 41. Qxb7 Qa1+ 42. Kh2 Qe5+ 43. Kh1 Qa1+ 44. Kh2 Qe5+ 45. Kh1 Qa1+ 1/2-1/2

[Event "XXIV ECC"]
[Site "Kallithea GRE"]
[Date "2008.10.21"]
[Round "5"]
[White "Efimenko, Z."]
[Black "Borisek, J."]
[Result "1-0"]
[WhiteElo "2680"]
[BlackElo "2548"]
[PlyCount "83"]
[EventDate "2008.10.17"]
[Source "www.chesslib.no"]
[SourceDate "2004.05.04"]

1. e4 e5 2. Nf3 Nc6 3. Bb5 a6 4. Ba4 Nf6 5. O-O Be7 6. d3 d6 7. c3 O-O 8. Nbd2 b5 9. Bc2 Nb8 10. a4 Bb7 11. b4 Nbd7 12. Nb3 Rb8 13. Na5 Ba8 14. axb5 axb5 15. Re1 c5 16. d4 cxd4 17. cxd4 d5 18. dxe5 Nxe4 19. Bd2 Nb6 20. Nd4 Qd7 21. f3 Nxd2 22. Qxd2 Nc4 23. Qc3 g6 24. Nab3 Rb6 25. Nc5 Qc8 26. e6 fxe6 27. Ncxe6 Rf7 28. f4 Bf6 29. f5 g5 30. Bd1 Ra6 31. Rxa6 Qxa6 32. Bf3 Qb6 33. Kh1 Re7 34. Rd1 Ra7 35. Qe1 Qb8 36. h3 Ra3 37. Nc2 Ra2 38. Ne3 Nxe3 39. Qxe3 g4 40. hxg4 Qg3 41. Nf4 Qh4+ 42. Kg1 1-0

[Event "Europa ch 2008"]
[Site "Plovdiv BUL"]
[Date "2008.04.27"]
[Round "7.22"]
[White "Perunovic, Milos"]
[Black "Socko, Bartosz"]
[Result "1/2-1/2"]
[WhiteElo "2579"]
[BlackElo "2644"]
[PlyCount "22"]
[EventDate "2008.04.21"]
[Source "www.chesslib.no"]
[SourceDate "2004.05.04"]

1. e4 e5 2. Nf3 Nc6 3. Bb5 a6 4. Ba4 Nf6 5. O-O Be7 6. d3 b5 7. Bb3 d6 8. a4 Rb8 9. axb5 axb5 10. Nc3 O-O 11. Nd5 Nxd5 1/2-1/2

[Event "Europa ch 2008"]
[Site "Plovdiv BUL"]
[Date "2008.04.29"]
[Round "8.23"]
[White "Perunovic, Milos"]
[Black "Sargissian, Gabriel"]
[Result "1/2-1/2"]
[WhiteElo "2579"]
[BlackElo "2643"]
[PlyCount "94"]
[EventDate "2008.04.21"]
[Source "www.chesslib.no"]
[SourceDate "2004.05.04"]

1. e4 e5 2. Nf3 Nc6 3. Bb5 a6 4. Ba4 Nf6 5. O-O Be7 6. d3 b5 7. Bb3 d6 8. a4 b4 9. a5 O-O 10. Nbd2 Be6 11. Nc4 h6 12. h3 Rb8 13. Be3 Qc8 14. c3 Qb7 15. Nfd2 d5 16. exd5 Nxd5 17. Qc2 f5 18. Ba4 bxc3 19. bxc3 f4 20. Rab1 Qa8 21. Bxc6 Qxc6 22. Nxe5 Qxc3 23. Qxc3 Nxc3 24. Rxb8 Rxb8 25. Ba7 Re8 26. d4 Bd5 27. Nd3 Bg5 28. Nf3 Bc4 29. Nfe5 Bb5 30. Re1 Nd5 31. Bc5 Bxd3 32. Nxd3 Rxe1+ 33. Nxe1 Bd8 34. Nd3 c6 35. Ne5 Bxa5 36. Nxc6 Bc7 37. Kf1 Kf7 38. Ke2 Ke6 39. Kd3 Kd7 40. Nb4 Nxb4+ 41. Bxb4 g6 42. Kc4 h5 43. f3 a5 44. Bc3 Kd6 45. Bd2 Kc6 46. d5+ Kb6 47. Bc3 Bd6 1/2-1/2

[Event "Sufe Cup"]
[Site "Shanghai"]
[Date "2000.03.11"]
[Round "9"]
[White "Peng Xiaomin"]
[Black "Nay Oo Kyaw Tun"]
[Result "1-0"]
[WhiteElo "2624"]
[BlackElo "2595"]
[PlyCount "143"]
[EventDate "2000.03.03"]
[Source "ChessBase"]
[SourceDate "2000.05.31"]

1. e4 e5 2. Nf3 Nc6 3. Bb5 a6 4. Ba4 Nf6 5. O-O Be7 6. d3 b5 7. Bb3 d6 8. a4 Bb7 9. Nc3 Na5 10. Ba2 Qd7 11. Bd2 O-O 12. Re1 c5 13. h3 b4 14. Ne2 Bc6 15. Ng3 Nb7 16. Nf5 Bxa4 17. Nh2 Ne8 18. Bd5 Bb5 19. c4 bxc3 20. bxc3 Bd8 21. Ng4 Bc6 22. Ba2 a5 23. Re3 Kh8 24. Rg3 g6 25. Bh6 Rg8 26. Nfe3 Ng7 27. Rf3 f5 28. Bxg8 Kxg8 29. Qb3+ Kh8 30. Nc4 a4 31. Qa2 Qe6 32. Nge3 Bf6 33. Bxg7+ Bxg7 34. exf5 gxf5 35. Rxf5 Rg8 36. Rg5 Rf8 37. Rg3 Bf6 38. Nd1 Bh4 39. Rg4 Qe7 40. Nce3 Bg5 41. Nd5 Qd8 42. c4 Na5 43. N1c3 Nb3 44. Rf1 Bd7 45. Rg3 Bf4 46. Nxa4 Bxg3 47. fxg3 Rxf1+ 48. Kxf1 Qf8+ 49. Kg1 Nc1 50. Qc2 Nxd3 51. Qxd3 Bxa4 52. Ne3 Bd7 53. Qd5 Qh6 54. Kf2 Qf8+ 55. Ke1 Qh6 56. Kd2 Qf6 57. Qa8+ Kg7 58. Qb7 Qf2+ 59. Kd3 Qf7 60. Qc7 Qe6 61. g4 Kf6 62. Nf5 e4+ 63. Ke3 Ke5 64. Qb8 Qf6 65. Qb2+ Ke6 66. Qxf6+ Kxf6 67. Nxd6 Ke5 68. Nxe4 Bc6 69. Nxc5 Bxg2 70. Nd3+ Kf6 71. h4 Bf1 72. c5 1-0

[Event "Brussels SWIFT"]
[Site "Brussels"]
[Date "1986.??.??"]
[Round "?"]
[White "Zapata, Alonso"]
[Black "Karpov, Anatoly"]
[Result "0-1"]
[WhiteElo "2515"]
[BlackElo "2700"]
[PlyCount "134"]
[EventDate "1986.03.??"]
[Source "ChessBase"]

1. e4 e5 2. Nf3 Nc6 3. Bb5 a6 4. Ba4 Nf6 5. d4 exd4 6. O-O Be7 7. Re1 O-O 8. e5 Ne8 9. c3 dxc3 10. Nxc3 d6 11. Nd5 Nxe5 12. Nxe5 dxe5 13. Rxe5 Bd6 14. Bg5 f6 15. Rxe8 Rxe8 16. Bxf6 gxf6 17. Bxe8 Be6 18. Bh5 Bxh2+ 19. Kxh2 Qxd5 20. Bf3 Qxd1 21. Rxd1 c6 22. a3 Kf7 23. Kg3 Rg8+ 24. Kf4 Rg5 25. Rh1 Rf5+ 26. Kg3 Kg7 27. Be4 Rg5+ 28. Kf4 h5 29. Re1 Kf7 30. g3 h4 31. gxh4 Rg4+ 32. Ke3 Rxh4 33. Rd1 Rh3+ 34. Kd4 Rb3 35. Rd2 Ke7 36. Bd3 a5 37. Bb1 Bd5 38. Ba2 Rb5 39. Bb1 Kd6 40. Kc3 Rb3+ 41. Kc2 Rf3 42. Kd1 Ke5 43. Bd3 b5 44. Bf1 Rf4 45. Re2+ Kd6 46. Rd2 Kc5 47. Bd3 Rh4 48. Rc2+ Kd6 49. Rd2 Ke5 50. Re2+ Kd4 51. Rd2 Rh1+ 52. Kc2 Kc5 53. b3 Rh4 54. Kc3 Rd4 55. Rc2 b4+ 56. axb4+ axb4+ 57. Kd2+ Kd6 58. Ke3 Rh4 59. Rb2 Rh3+ 60. Kd2 Ke5 61. Bc2 f5 62. Bd1 f4 63. Kc1 Rh1 64. Kd2 Kd4 65. Ke2 f3+ 66. Kd2 Rf1 67. Kc1 Ke5 0-1

[Event "VII Gibtelecom Masters"]
[Site "Caleta ING"]
[Date "2009.01.29"]
[Round "3"]
[White "Sandipan, C."]
[Black "Avrukh, B."]
[Result "1/2-1/2"]
[WhiteElo "2568"]
[BlackElo "2645"]
[PlyCount "61"]
[EventDate "2009.01.27"]
[Source "www.chesslib.no"]
[SourceDate "2004.05.04"]

1. e4 e5 2. Nf3 Nc6 3. Bb5 a6 4. Ba4 Nf6 5. O-O Be7 6. d3 b5 7. Bb3 d6 8. h3 Na5 9. Bd2 Nxb3 10. axb3 O-O 11. c4 Rb8 12. Qc2 c5 13. cxb5 Rxb5 14. Na3 Rb8 15. Nc4 Ne8 16. Ba5 Qd7 17. Nb6 Qb7 18. Nxc8 Rxc8 19. Ra4 Nf6 20. Rfa1 Rc6 21. Bc3 Rb8 22. Nd2 Ne8 23. Nc4 Qc8 24. Na5 Rcb6 25. Nc4 Rc6 26. Na5 Rcb6 27. Nc4 Rc6 28. Na5 Rcb6 29. Nc4 Rc6 30. Na5 Rcb6 31. Nc4 1/2-1/2

[Event "It GM"]
[Site "?"]
[Date "1988.??.??"]
[Round "11"]
[White "Chandler Murray G"]
[Black "Nunn John D M"]
[Result "1/2-1/2"]
[WhiteElo "2590"]
[BlackElo "2615"]
[PlyCount "27"]
[EventDate "1988.??.??"]
[Source "www.chesslib.no"]
[SourceDate "2004.05.04"]

1. e4 e5 2. Nf3 Nc6 3. Bb5 a6 4. Ba4 Nf6 5. O-O Be7 6. Re1 b6 7. Bb3 O-O 8. c3 d6 9. h3 Bb7 10. d4 Re8 11. Ng5 Rf8 12. Nf3 Re8 13. Ng5 Rf8 14. Nf3 1/2-1/2

[Event "Campionato europeo 2007"]
[Site "Dresda GER"]
[Date "2007.04.07"]
[Round "5.21"]
[White "Kobalia, Mikhail"]
[Black "Lopez Martinez, Josep Manuel"]
[Result "1/2-1/2"]
[WhiteElo "2639"]
[BlackElo "2563"]
[PlyCount "144"]
[EventDate "2007.04.03"]
[Source "www.chesslib.no"]
[SourceDate "2004.05.04"]

1. e4 e5 2. Nf3 Nc6 3. Bb5 a6 4. Ba4 Nf6 5. O-O Be7 6. d3 d6 7. c3 O-O 8. Re1 b5 9. Bc2 Bb7 10. Nbd2 Re8 11. Nf1 Bf8 12. Ng3 g6 13. d4 Bg7 14. h3 Qe7 15. Be3 Qf8 16. Qd2 Nb8 17. a4 Nbd7 18. Bd3 c6 19. b4 Rad8 20. axb5 exd4 21. cxd4 cxb5 22. d5 Rc8 23. Rac1 Rxc1 24. Rxc1 Rc8 25. Bd4 Qd8 26. Rxc8 Qxc8 27. Qf4 Qc7 28. Bf1 Bc8 29. Qe3 Ne8 30. Bxg7 Kxg7 31. Nd4 Ndf6 32. Be2 Ng8 33. Kf1 Nef6 34. Ke1 Ne7 35. Kd2 Nd7 36. Qg5 Nf6 37. h4 h6 38. Qe3 h5 39. Nf3 Neg8 40. Ng5 Bd7 41. Qc3 Qb6 42. Ke1 Kf8 43. Nf1 Ke7 44. Ne3 Nh6 45. e5 dxe5 46. Qxe5+ Kf8 47. d6 Qd8 48. Nd5 Nhg8 49. Ne7 a5 50. Bd3 axb4 51. Ne4 Nxe4 52. Bxe4 Qb6 53. Bc6 Bxc6 54. Qh8 Ke8 55. Qxg8+ Kd7 56. Qxf7 Qa5 57. Nxg6+ Kxd6 58. Qe7+ Kd5 59. Nf4+ Kc4 60. Qe6+ Kc5 61. Nd3+ Kb6 62. Ke2 b3 63. Qxb3 Bxg2 64. f3 Qa1 65. Ne1 Qe5+ 66. Qe3+ Qxe3+ 67. Kxe3 Bf1 68. Kd4 b4 69. f4 b3 70. Kc3 Kc5 71. Kxb3 Kd4 72. Nc2+ Ke4 1/2-1/2

[Event "Bad Homburg"]
[Site "Bad Homburg"]
[Date "1997.07.29"]
[Round "4"]
[White "Sutovsky, Emil"]
[Black "Hracek, Zbynek"]
[Result "1/2-1/2"]
[WhiteElo "2590"]
[BlackElo "2605"]
[PlyCount "25"]
[EventDate "1997.07.26"]
[Source "ChessBase"]
[SourceDate "1997.10.13"]

1. e4 e5 2. Nf3 Nc6 3. Bb5 Nf6 4. d4 exd4 5. O-O a6 6. Ba4 Be7 7. e5 Ne4 8. Nxd4 O-O 9. Nf5 d5 10. exd6 Bxf5 11. dxe7 Nxe7 12. c3 Nc5 13. Bg5 1/2-1/2